WWF Royal Rumble 2000 Entrants Quiz - Statistics

General Stats
  • This quiz has been taken 499 times
  • The average score is 22 of 30
Answer Stats
EN Answer EL % Correct
24 The Rock W
95%
26 Big Show 29
93%
28 Kane 27
91%
5 Rikishi 8
87%
4 Christian 2
83%
13 Edge 14
83%
30 X-Pac 28
82%
25 Billy Gunn 26
79%
15 Chris Jericho 10
79%
6 Scotty 2 Hotty 5
79%
2 Grand Master Sexay 4
77%
27 Bradshaw 19
74%
1 D'Lo Brown 3
74%
17 Chyna 11
73%
18 Faarooq 12
73%
19 Road Dogg 25
73%
10 Test 17
73%
9 The Big Boss Man 15
71%
23 Hardcore Holly 22
69%
8 Viscera 7
68%
16 Crash Holly 16
66%
7 Steve Blackman 6
64%
12 Gangrel 18
63%
29 The Godfather 23
62%
20 Al Snow 24
61%
21 Val Venis 20
60%
22 Albert 21
55%
3 Mosh 1
52%
14 Bob Backlund 9
49%
11 The British Bulldog 13
48%
No matching quizzes found
Score Distribution
Percent of People with Each Score
Percentile by Number Answered
Your Score History
You have not taken this quiz